00503nam a2200169 a 4500003000600000005001700006008004100023020001500064040002100079050002100100100002400121245008700145260002800232300002100260650002500281700002700306UkOxU20210716053937.0500101s1994 enk 000 0 eng d a1563756641 cALUPE UNIVERSITY aRC582b.B76 19941 aBrostoff, Jonathan.10aClinical immunology :ban illustrated outline /cJonathan Brostoff, David K. Male. aLondon :bMosby,c1994. a132 p. ;c19 cm. 0aClinical immunology.1 aMale, David K.,d1954-